1989 year quiz - Statistics

General Stats
  • This quiz has been taken 86 times
  • The average score is 6 of 10
Answer Stats
Hint Answer % Correct
Crossings on this city barrier are suddenly opened, changing world politics Berlin Wall
79%
China crushes student protests in this Beijing locale Tiananmen Square
77%
Nintendo releases this portable gaming system in North America Game Boy
76%
Meg Ryan pulls a spectacular fake for this hit rom-com When Harry Met Sally
76%
The last divisions of this power quit Kabul, ending a decade-long occupation Soviet Union
62%
This ship spills 240,000 tonnes of oil on the Alaska coast Exxon Valdez
58%
President Bush makes this man the first black chairman of the Joint Chiefs of Staff Colin Powell
56%
Police mistakes lead to 96 Liverpool fans dying at this English stadium Hillsborough
38%
This Latina congresswoman is born in New York Alexandria Ocasio-Cortez
35%
This theocratic leader's body falls from its bier as millions throng his funeral Ayatollah Khomeini
34%
No matching quizzes found
Score Distribution
Percent of People with Each Score
Percentile by Number Answered
Your Score History
You have not taken this quiz